Online Catalogue and eLibrary

Periyar: Suyamariyathai Samatharmam (Record no. 4265)

MARC details
000 -LEADER
fixed length control field 00454nam a2200181Ia 4500
005 - DATE AND TIME OF LATEST TRANSACTION
control field 20250224010536.0
008 - FIXED-LENGTH DATA ELEMENTS--GENERAL INFORMATION
fixed length control field 240331s9999 xx 000 0 und d
082 ## - DDC Classification
Item Number - Author Mark RAJ
DDC Edition Number 2457
Class No. 922
100 ## - MAIN ENTRY--PERSONAL NAME
Personal name Rajadurai, S.V
100 ## - MAIN ENTRY--PERSONAL NAME
Personal name S. Geetha
245 #0 - TITLE STATEMENT
Title Periyar: Suyamariyathai Samatharmam
260 ## - PUBLICATION, DISTRIBUTION, ETC.
Place of publication, distribution, etc. Kovai
Name of publisher, distributor, etc. Vidiyal Publishing House
Date of publication, distribution, etc. 1996
300 ## - PHYSICAL DESCRIPTION
Extent (e.g. Volumes, Pages etc.) xiv, 816 p.,
650 ## - SUBJECT ADDED ENTRY--TOPICAL TERM
Topical term or geographic name entry element Justice
650 ## - SUBJECT ADDED ENTRY--TOPICAL TERM
Topical term or geographic name entry element Self Esteem
650 ## - SUBJECT ADDED ENTRY--TOPICAL TERM
Topical term or geographic name entry element Equality
942 ## - Koha item type (Biblio)
Koha item type Books in Stacks (Lending)
Holdings
Lost status Damaged status Collection code Home library Current library Shelving location Date acquired Full call number Accession Number Item type
    Lending WERC Library WERC Library Social Science Cupboard 03/31/2024 922 RAJ 2457 Books in Stacks (Lending)

© WERC Library